| 000 | ncm a22 a 4500 | ||
|---|---|---|---|
| 999 |
_c365987 _d365987 |
||
| 003 | BLK | ||
| 005 | 20200603100050.0 | ||
| 008 | 200603b bu ||||| |||| 00| 0 bu d | ||
| 040 | _aBLK | ||
| 041 |
_aRUS _aUKR _cRUS |
||
| 080 |
_aМузика за духови инструменти _b788 _z788 |
||
| 139 |
_aАльбом ученика-тромбониста _bА 46 |
||
| 245 |
_aАльбом ученика-тромбониста _bУчебно-педагогический репертуар для ІІІ-ІV классов ДМШ _nВыпуск 3 _cСъстав. В. Андрезен |
||
| 246 |
_aАльбом учня-тромбонiста _bУчбово-педагогiчний репертуар для ІІІ-ІV класiв ДМШ |
||
| 260 |
_9404225 _aКиiв _bМузична Украiна _c1974 |
||
| 300 |
_a36 с. _c30 см |
||
| 380 | _a7 | ||
| 650 | 0 |
_9403148 _aТромбон - гами, етюди |
|
| 653 | 7 |
_9198691 _aтромбони |
|
| 700 |
_91478 _aАндрезен, В. _eсъстав. |
||
| 852 | _aЦб М ІІ 7088 | ||
| 942 |
_cNOT _n0 _s1 |
||
| 944 |
_aCR _c2020-06-03 _kМоника Янева _l2020-06-03 |
||
| 999 | _d365985 | ||
| 999 | _d365976 | ||